000 01706aaa a2200289 i 4500
003 DO-SdBNP
005 20250709100248.0
007 ta
008 250709b2025 dr a|||| |||| 00| 0 spa d
020 _a9789945947694
040 _aDO-SdBNP
_bspa
_cBNPHU
_erda
041 _aspa
082 _axxxx
_bH429
_222
100 1 _aHazim, Yamile
_d1995-
_988216
_eautora
_4aut.
245 1 0 _aSanar para crear /
_cYamile Hazim ; prólogo, María Carla Picón
264 1 _aSanto Domingo :
_bDiEditores,
_c2025.
300 _a261 páginas :
_bilustraciones
_c22 cm.
336 _atexto
_btxt
_2rdacontent
337 _asin mediación
_bn
_2rdamedia
338 _avolumen
_bnc
_2rdacarrier
500 _aIncluye datos biografícos de la autora en la solapa de la cubierta.
500 _aIncluye notas a pie de páginas.
520 _aSanar para Crear es un libro que explora el proceso que los seres humanos debemos vivir para nuestra sanación física, emocional, espiritual y mental. No se puede crear una vida con propósito si no se trabaja en uno mismo y se superan las limitaciones que hemos heredado de nuestro entorno y familia, y aquellas que nosotros mismos nos hemos impuesto. Se requiere retornar al centro de nuestra propia existencia y humanidad para hallar el propio camino. El la segunda parte del libro, la autora propone una metodología que denomina La cara, a través de esta el lector descubrirá rutas para explorarse, diseñar y desarrollar se propio camino. El enfoque es sanar internamente para crear una vida con propósito, uno, alineado con nuestra esencia y nuestro más alto bien y el de la humanidad.
590 _aInventariado, 2025/ YL
910 _aYLockward
942 _2ddc
_cLBS1
999 _c59398
_d59398